000 01876 a2200217 4500
001 57766
005 20260407155837.0
008 260407a1998 arg spa d
003 AR-UNSa-BCEJYS
040 _aAR-UNSa-BCEJYS
_bspa
_cAR-UNSa-BCEJYS
080 _a336.2:323.17
_xFederalismo Fiscal
245 1 0 _aCoparticipación federal de impuestos
_pDel federalismo coercitivo al federalismo de concertación
264 1 _aBuenos Aires :
_b[s.n.]
_c1998
300 _a254 p.
_c21 cm.
505 _aParte I. Capítulos: 1. Gastos y recursos del Sector Público – 2. Conceptos básicos de coparticipación federal de impuestos – 3. Masa coparticipable – 4. Distribución primaria – 5. Distribución secundaria – 6. Fondos de recursos con destinos especiales – 7. La perspectiva de la Provincia de Córdoba – Parte II. Proyectos de ley: 1. Financiamiento por la Nación del costo de la transferencia de servicios educativos, de salud y sociales a las Provincias – 2. Compensación a las Provincias que no han transferido sus cajas de jubilaciones y pensiones por soportar el déficit de las cajas de jubilaciones y pensiones provinciales efectivamente transferidas – 3. Eliminación del Fondo del Conurbano Bonaerense y reformulación de la distribución de los recursos del impuesto a las ganancias que se asignan al Fondo del Conurbano Bonaerense, al excedente del Fondo del Conurbano Bonaerense y según el índice de necesidades básicas insatisfechas – 4. Distribución equitativa del Fondo Nacional de la Vivienda - 5. Reducción de los recursos asignados al Fondo de los Aportes del Tesoro Nacional a las Provincias - 6. Proyecto de ley de coparticipación federal de impuestos - Parte III. Anexos
041 _aspa
942 _cBK
590 _aniveau_biblio:m niveau_hierar:0
100 1 _aCafferata Nores, José Ignacio
700 1 _aPorto, Natalia
999 _c6278
_d6278